Waters and others v Welsh Development Agency (Record no. 70735)
[ view plain ]
| 000 -LEADER | |
|---|---|
| fixed length control field | 01446cam a2200253 4500 |
| 001 - CONTROL NUMBER | |
| control field | WB3826-05 |
| 008 - FIXED-LENGTH DATA ELEMENTS--GENERAL INFORMATION | |
| fixed length control field | 020716n2002 000 0 eng u |
| 035 ## - SYSTEM CONTROL NUMBER | |
| System control number | (Sirsi) u118847 |
| 245 ## - TITLE STATEMENT | |
| Title | Waters and others v Welsh Development Agency |
| 260 ## - PUBLICATION, DISTRIBUTION, ETC. | |
| Date of publication, distribution, etc. | 2002 |
| 490 ## - SERIES STATEMENT | |
| Series statement | Estates Gazette |
| Volume/sequential designation | [2002] 28 EG 126 (CS) (28/6/02) |
| 490 ## - SERIES STATEMENT | |
| Series statement | Journal of Planning and Environment Law |
| Volume/sequential designation | [2002] JPL 14811509(29) |
| 520 ## - SUMMARY, ETC. | |
| Summary, etc. | "Waters and others v Welsh Development Agency" CA 28 June 2002. Appeal against LT decision that the value of land compulsorily acquired for use as a nature reserve should be determined ignoring any ransom value the land might have had as a consequence of the reasons for its acquisition. Held: appeal dismissed. Full copy of judgement available on Court Service website http://www.courtservice.gov.uk/judgmentsfiles/j1246/Melville_and__Waters_v_Wels_Development_Agency.htm |
| 590 ## - LOCAL NOTE (RLIN) | |
| Local note | WB |
| 650 ## - SUBJECT ADDED ENTRY--TOPICAL TERM | |
| Topical term or geographic name entry element | POINTE GOURDE QUARRYING AND TRANSPORT CO LTD V CROWN LANDS SUPERINTENDENT |
| 650 ## - SUBJECT ADDED ENTRY--TOPICAL TERM | |
| Topical term or geographic name entry element | RANSOM VALUE |
| 650 ## - SUBJECT ADDED ENTRY--TOPICAL TERM | |
| Topical term or geographic name entry element | NATURE RESERVES |
| 650 ## - SUBJECT ADDED ENTRY--TOPICAL TERM | |
| Topical term or geographic name entry element | CARDIFF BAY BARRAGE |
| 650 ## - SUBJECT ADDED ENTRY--TOPICAL TERM | |
| Topical term or geographic name entry element | GAJAPATIRAJU V RDO VIZAGAPATAM |
| 650 ## - SUBJECT ADDED ENTRY--TOPICAL TERM | |
| Topical term or geographic name entry element | WATERS AND OTHERS V WELSH DEVELOPMENT AGENCY |
| 690 ## - LOCAL SUBJECT ADDED ENTRY--TOPICAL TERM (OCLC, RLIN) | |
| Topical term or geographic name as entry element | ENVIRONMENTAL AND LAND CONSULTANCY-PLANNING AND DEVELOPMENT-COMPULSORY PURCHASE AND COMPENSATION |
| 856 ## - ELECTRONIC LOCATION AND ACCESS | |
| Uniform Resource Identifier | <a href="https://www.courtservice.gov.uk/judgmentsfiles/j1246/Melville_and__Waters_v_Wels_Development_Agency.htm">https://www.courtservice.gov.uk/judgmentsfiles/j1246/Melville_and__Waters_v_Wels_Development_Agency.htm</a> |
| 942 ## - ADDED ENTRY ELEMENTS (KOHA) | |
| Suppress in OPAC | 0 |
| Withdrawn status | Lost status | Source of classification or shelving scheme | Damaged status | Not for loan | Home library | Current library | Shelving location | Date acquired | Total Checkouts | Full call number | Barcode | Date last seen | Copy number | Price effective from | Koha item type |
|---|---|---|---|---|---|---|---|---|---|---|---|---|---|---|---|
| Dewey Decimal Classification | London | London | News article | 16/07/2002 | WB3826-05 | 118847-1001 | 06/08/2019 | 1 | 06/08/2019 | Law report |